¿Qué tierra es ésta, Juan Rulfo? : un homenaje /

Bibliographic Details
Other Authors: Olea Franco, Rafael (Editor)
Format: Electronic eBook
Language:Spanish
Published: Ciudad de México, México : El Colegio de México, [2022]
Edition:Primera edición electrónica.
Series:Jornadas ; 178.
Subjects:
Online Access:Digitalia Hispánica

MARC

LEADER 00000nam a2200000Ii 4500
001 DIGCOLMX0460
003 NyNyDIG
007 cr |||||||||||
008 230620s2022 mx a ob 000 0 spa d
006 m o d
020 |a 9786075644097  |q electrónico 
020 |z 9786075641522  |q impreso 
035 |a (OCoLC)1386279678 
040 |a DGITA  |b eng  |e rda  |e pn  |c DGITA 
050 1 4 |a PQ7297.R89 ebook 
245 0 0 |a ¿Qué tierra es ésta, Juan Rulfo? :  |b un homenaje /  |c Rafael Olea Franco, editor. 
250 |a Primera edición electrónica. 
264 1 |a Ciudad de México, México :  |b El Colegio de México,  |c [2022] 
300 |a 1 online resource. 
336 |a text  |b txt  |2 rdacontent 
337 |a computer  |b c  |2 rdamedia 
338 |a online resource  |b cr  |2 rdacarrier 
347 |a text file  |2 rdaft 
347 |b EPUB 
490 1 |a Jornadas ;  |v 178 
504 |a Includes bibliographical references. 
588 0 |a Online resource; title from ePub title page (Digitalia, viewed June 20, 2023) 
600 1 0 |a Rulfo, Juan.  |t Llano en llamas  |x Criticism and interpretation. 
600 1 0 |a Rulfo, Juan.  |t Pedro Páramo  |x Criticism and interpretation. 
700 1 |a Olea Franco, Rafael,  |e editor. 
791 2 |a Digitalia (Firm),  |e distributor. 
793 0 |g Digitalia eBook Collection:  |a El Colegio de México 
776 0 8 |i Print version:  |t ¿Qué tierra es ésta, Juan Rulfo?  |b Primera edición.  |d Ciudad de México, México : El Colegio de México, [2020]  |z 9786075641522 
830 0 |a Jornadas ;  |v 178. 
856 4 0 |3 Digitalia Hispánica  |u https://www.digitaliapublishing.com/a/125606/ 
910 |a Premium collection: 2023